| 000 | 00739nam a22002297a 4500 | ||
|---|---|---|---|
| 001 | 216222998 | ||
| 003 | UA-OsUOA | ||
| 005 | 20220923111311.0 | ||
| 008 | 220923b un |||g |||| 00| 0 rus d | ||
| 020 | _a9667459853 | ||
| 040 |
_aUA-OsUOA _bukr _cUA-OsUOA _dUA-OsUOA |
||
| 041 | _arus | ||
| 080 | _a81 | ||
| 090 |
_a81 _bС29 |
||
| 100 | _aСеливанова Е.А. | ||
| 245 |
_aКогнитивная ономасиология _bмонография |
||
| 260 |
_aКиев _bИздательство украинского фитосоциологического центра _c2000 |
||
| 300 | _a248 с. | ||
| 650 |
_a81 Лінгвістика. Мовознавство. Мови _2UDC |
||
| 942 |
_cBK _2udc |
||
| 955 | _a2 | ||
| 999 |
_c282224 _d282224 |
||